| 000 | 01615nam a2200229 i 4500 | ||
|---|---|---|---|
| 001 | 181263 | ||
| 003 | ES-MaACL | ||
| 005 | 20250815122200.0 | ||
| 008 | 121122m18601861sp |||| | spa d | ||
| 245 | 0 | 4 |
_aLas glorias de la pintura _b: colección de los más preciosos cuadros de las galerías de Munich, Dresde, Berlín y otras : obras de los grandes maestros del arte Rafael, Ticiano, Miguel-Ángel, Murillo, Rubens, Carlos-Dolce, Mieris, Poussin, Adam, Guido-Reni, Salvator-Rosa, Teniers, Gerardo-Dow, Rembrandt, Van-Dick, etc., etc. : enriquecida con magníficos artículos sobre religión, moral, filosofía, costumbres, escenas de la naturaleza, poesía, novela y creaciones de todo género / _cpor Una Sociedad de Literatos. |
| 260 |
_aBarcelona : _bLibrería de José Ribet, _c1860-1861 ( _fImp. de Narciso Ramírez) |
||
| 300 |
_a2 v. (VIII, 392 p., [45] h. de lám.; VIII, 408 p., [54] h. de lám.) ; _c28 cm. |
||
| 530 | _aDisponible en formato digital. | ||
| 594 | _aLos autores de los artículos son: Joaquín Roca y Cornet, Víctor Balaguer, Joaquín Rubió, Juan Cortada, Manuel Angelon, Antonio de Bofarull, Gregorio Amado Larrosa, José Puiggari, José Leopoldo Feu, Francisco J. Orellana, J.R. Soto, Antonio Altadill, Vicente Boix. | ||
| 650 | 7 |
_aPintura _2embne _916002 |
|
| 650 | 0 | 7 |
_aArte y literatura _2embne _910334 |
| 700 | 1 |
_aRoca y Cornet, Joaquín, _d1804-1873 _9131904 |
|
| 710 | 2 |
_aUna Sociedad de Literatos. _9171402 |
|
| 852 |
_aES-MaACL _jG-6551-52 |
||
| 856 |
_uhttps://ddd.uab.cat/record/73599 _zDipòsit Digital de Documents de la UAB |
||
| 999 |
_c181263 _d181263 |
||